Deudores en terapia intensiva (Registro nro. 21362)
[ vista simple ]
| 000 -LEADER | |
|---|---|
| fixed length control field | 00318 a2200109 4500 |
| 001 - CONTROL NUMBER | |
| control field | ART_51122 |
| 005 - DATE AND TIME OF LATEST TRANSACTION | |
| control field | 20260410161810.0 |
| 008 - FIXED-LENGTH DATA ELEMENTS--GENERAL INFORMATION | |
| fixed length control field | 260409a |
| 100 1# - MAIN ENTRY--PERSONAL NAME | |
| Personal name | Mozzi, Germán D. |
| 245 10 - TITLE STATEMENT | |
| Title | Deudores en terapia intensiva |
| 773 0# - HOST ITEM ENTRY | |
| Title | Doctrina Societaria y Concursal |
| Related parts | - N°391 (jun. 2020) |
| Record control number | REV4298 |
No hay ítems disponibles.